000 00649nam a2200217Ia 4500
003 GCL
005 20240530104703.0
008 140319s9999 xx 000 0 ara d
040 _aGCL /
_cGCL
082 0 4 _a810.972
_bش ع
100 1 _aشوقى ضيف
245 1 0 _aعصر الدول والامارات: مصر /
_cشوقى ضيف
250 _aالثانية
260 _aالقاهرة :
_bدار المعارف ،
_c1990
300 _a501 ص ؛
_c22 سم
490 _aتاريخ الادب العربى
_v7
650 0 4 _aمصر
650 0 4 _aتاريخ
650 0 4 _aالادب العربى - تاريخ ونقد
942 _2ddc
_cBK
999 _c49856
_d49856